000 00516nam a2200169 a 4500
001 000039962
005 20201002033833.0
008 130801s1998 ck a r 000 0 spa d
020 _a9586008207
040 _aDO-SdBNP
_bspa
_cBNPHU
082 _axxxx
_bxxxx
100 1 _aTiznado Santana, Marco Antonio
_966178
245 1 0 _aInternet :
_bA toda maquina /
_cMarco Antonio Tiznado Santana.
260 _aBogotá, Colombia :
_bMcGraw-Hill,
_c1998.
300 _a118 p. :
_bil. ;
_c21 cm.
590 _aInventariado, 2019/BT
999 _c39452
_d39452